Tanzimat Dönemi Osmanlı vergi hukuku/ (Record no. 15225)

MARC details
000 -BAŞLIK
Sabit Uzunlukta Kontrol Alanı 00688nam a22002177a 4500
999 ## - SİSTEM KONTROL NUMARALARI (KOHA)
Koha Biblionumber 15225
Koha Biblioitemnumber 15225
003 - KONTROL NUMARASI IDENTIFIER
Denetim Alanı MIRAKIL
005 - SON İŞLEM TARİHİ VE ZAMANI
Denetim Alanı 20230426130226.0
008 - SABİT-BOY VERİ ELEMANLARI - GENEL BİLGİLER
Sabit Uzunlukta Kontrol Alanı 230426b tu ||||| |||| 00| 0 tur d
020 ## - ULUSLARARASI STANDART KİTAP NUMARASI
Uluslararası Standart Kitap Numarası 9786254493560
040 ## - KATALOGLAMA KAYNAK
Orijinal Kataloglama Ajansı TR-AnCHP
Metne Dönüştürmek Ajansı TR-AnCHP
041 ## - DİL KODU
Metin / Ses Parça Veya Ayrı Başlığın Dil Kodu tur
082 ## - DEWEY ONLU SINIFLANDIRMA NUMARASI
Sınıflandırma Numarası 343.04056
Ürün Numarası Ş35t 2021
100 ## - ANA GİRİŞ - KİŞİSEL İSİM
Kişisel Ad Şener, Abdüllatif
245 10 - BAŞLIK TABLOSU
Başlık Tanzimat Dönemi Osmanlı vergi hukuku/
Sorumluluk Tablosu, Vb Abdülatif Şener
260 ## - YAYIN, DAĞITIM, VB
Yayın, Dağıtım, Vb Yeri İstanbul :
Yayıncı, Dağıtıcı, Vs Adı Alfa Yayınları,
Yayın, Dağıtım, Vb Tarihi 2021.
300 ## - FİZİKSEL TANIM
Kapsam 374 s.:
Diğer Fiziksel Ayrıntıları tbl.;
Boyutlar 21 sm.
490 0# - SERİSİ TABLOSU
Seri Beyanı Alfa :
-- Araştırma :
Hacim / Ardışık Tanımı 4132.
-- 222.
504 ## - KAYNAKÇA VB NOT
Kaynakça Vb Notu Kaynakça ve dizin vardır.
650 #0 - KONU KATMA GİRİŞ - TOPİKAL DÖNEM
9 (RLIN) 710
Topikal Süreli Veya Coğrafi Ad Giriş Elemanı Osmanlı İmparatorluğu
Genel Alt Bölümü Vergi hukuku
Kronolojik Alt Bölümü Tanzimat dönemi
942 ## - EKLENDİ GİRİŞ ELEMANLARI (KOHA)
Sınıflandırma Veya Raf Düzeni Kaynak Dewey Decimal Classification
Koha Öğesi Türü Books
Holdings
Kalıcı Konum Mevcut Konum Edinme Tarihi Toplam Check-Out'Lar Tam Çağrı Numarası Barkod Tarih Son Görülme İtibaren Geçerli Fiyatlar Koha Öğesi Türü
CHP Kütüphanesi CHP Kütüphanesi 04/26/2023   343.04056 Ş35t 2021 020818 04/26/2023 04/26/2023 Books